01124cam a22003015a 450000100090000000300090000900500170001800800410003502000300007604000380010608200230014424501020016724600190026926400510028830000300033933600260036933700280039533800270042350400510045060000770050165000100057865100100058865300170059870000300061594200120064599900170065795201480067418206597EG-ScBUE20220308131641.0140630s2015 nyu f b 001 0 eng d a9781107427815 (paperback) aDLCbengerdacDLCdDLCdEG-ScBUE04a848.91409222bNEW04aThe new Cambridge companion to Samuel Beckett /cedited by Dirk Van Hulle, University of Antwerp.30aSamuel Beckett 1aNew York :bCambridge University Press,c2015. axxxii, 228 pages ;c24 cm 2rdacontentatextbtxt 2rdamediaaunmediatedbn 2rdacarrieravolumebnc aIncludes bibliographical references and index.17aBeckett, Samuel,d1906-1989xCriticism and interpretation.2BUEsh936998 2BUEsh 2BUEsh cFebruary20161 aHulle, Dirk van,eeditor. 2ddccBB c21224d21196 00102ddc40708Anglo-EgypaMAINbMAINc2NDd2016-02-23ePurchaseg295.00h13707l0o848.91409 NEWp000031685r2025-07-15 00:00:00v369.00yBB